La política de repoblación forestal en España, siglos XIX y XX (Registro nro. 7647)
[ vista simple ]
| 000 -CABECERA | |
|---|---|
| Longitud fija campo de control | 01423nam a2200361 c 4500 |
| 001 - NÚMERO DE CONTROL | |
| Número de control | 7647 |
| 003 - IDENTIFICADOR DE NÚMERO DE CONTROL | |
| Identificador del número de control | ES-MaCES |
| 005 - FECHA Y HORA DE LA ÚLTIMA TRANSACCIÓN | |
| Fecha y hora de la última transacción | 20141221121915.0 |
| 008 - CAMPO FIJO DE DESCRIPCIÓN FIJA--INFORMACIÓN GENERAL | |
| Códigos de información de longitud fija | 980815s1993 sp b o000 | spa d |
| 024 7# - OTROS IDENTIFICADORES | |
| Número normalizado o código | 251-94-051-7 |
| Fuente del número o código | nipo |
| 035 ## - NÚMERO DE CONTROL DEL SISTEMA | |
| Número de control del sistema | CES19980078566m |
| 040 ## - FUENTE DE CATALOGACIÓN | |
| Centro catalogador de origen | ES-MaCES |
| Lengua de catalogación | spa |
| Centro transcriptor | ES-MaCES |
| 100 1# - ENCABEZAMIENTO PRINCIPAL--NOMBRE PERSONAL | |
| Nombre de persona | Sánchez Martínez, José Domingo |
| 9 (RLIN) | 23288 |
| 245 13 - MENCIÓN DE TÍTULO | |
| Título | La política de repoblación forestal en España, siglos XIX y XX |
| Resto del título | : planteamientos, actuaciones y resultados, estado de la cuestión y recopilación bibliográfica |
| Mención de responsabilidad, etc. | José Domingo Sánchez Martínez, Vicente José Gallego Simón |
| 260 ## - PUBLICACIÓN, DISTRIBUCIÓN, ETC (PIE DE IMPRENTA) | |
| Lugar de publicación, distribución, etc. | Madrid |
| Nombre del editor, distribuidor, etc. | Ministerio de Agricultura, Pesca y Alimentación, Centro de Publicaciones |
| Lugar de publicación, distribución, etc. | Jaén |
| Nombre del editor, distribuidor, etc. | Universidad |
| Fecha de publicación, distribución, etc. | 1993 |
| 300 ## - DESCRIPCIÓN FÍSICA | |
| Extensión | 203 p. |
| Dimensiones | 30 cm |
| 490 1# - MENCIÓN DE SERIE | |
| Mención de serie | Serie Recopilaciones bibliográficas |
| Designación de volumen o secuencia | 10 |
| 500 ## - NOTA GENERAL | |
| Nota general | Índices |
| 541 ## - NOTA DE LA FUENTE INMEDIANTE DE ADQUISICIÓN | |
| Forma de adquisición | Gratuito |
| 650 #4 - ASIENTO SECUNDARIO DE MATERIA--TÉRMINO DE MATERIA | |
| Término de materia o nombre geográfico como elemento inicial | política forestal |
| 9 (RLIN) | 27589 |
| 650 #4 - ASIENTO SECUNDARIO DE MATERIA--TÉRMINO DE MATERIA | |
| Término de materia o nombre geográfico como elemento inicial | forestación |
| 9 (RLIN) | 29738 |
| 650 #4 - ASIENTO SECUNDARIO DE MATERIA--TÉRMINO DE MATERIA | |
| Término de materia o nombre geográfico como elemento inicial | España |
| 9 (RLIN) | 26964 |
| 650 #4 - ASIENTO SECUNDARIO DE MATERIA--TÉRMINO DE MATERIA | |
| Término de materia o nombre geográfico como elemento inicial | S. XIX-XX |
| 9 (RLIN) | 30980 |
| 650 #4 - ASIENTO SECUNDARIO DE MATERIA--TÉRMINO DE MATERIA | |
| Término de materia o nombre geográfico como elemento inicial | bibliografía comentada |
| 9 (RLIN) | 28966 |
| 653 10 - TÉRMINO DE INDEXACIÓN--NO CONTROLADO | |
| Término no controlado | Bibliografías |
| 700 1# - ENCABEZAMIENTO SECUNDARIO--NOMBRE PERSONAL | |
| Nombre de persona | Gallego Simón, Vicente José |
| 9 (RLIN) | 12640 |
| 710 1# - ENCABEZAMIENTO SECUNDARIO--NOMBRE CORPORATIVO | |
| Nombre de entidad o nombre de jurisdicción como elemento inicial | España |
| Unidad subordinada | Ministerio de Agricultura, Pesca y Alimentación |
| Término indicativo de función | ed. |
| 9 (RLIN) | 3225 |
| 710 2# - ENCABEZAMIENTO SECUNDARIO--NOMBRE CORPORATIVO | |
| Nombre de entidad o nombre de jurisdicción como elemento inicial | Universidad de Jaén |
| Término indicativo de función | ed. |
| 9 (RLIN) | 5289 |
| 830 #0 - ENCABEZAMIENTO SECUNDARIO DE COLECCIÓN--TÍTULO UNIFORME | |
| Título uniforme | Serie Recopilaciones bibliográficas |
| Designación de volumen o secuencia | 10 |
| 9 (RLIN) | 32457 |
| 902 ## - CES. TIPO DE DOCUMENTO | |
| Tipodoc (006$c Sirtex) | LIB Libro |
| 942 ## - ELEMENTOS KOHA | |
| Fuente de clasificaión o esquema | Clasificación propia del CES |
| Koha [por defecto] tipo de item | Monografías |
| Parte de clasificación | 9.0. |
| Número de registro | Signatura completa | Tipo de item de Koha |
|---|---|---|
| 010626 | DPT-10417 | Monografías |
